| 000 | 00698nam a22002057a 4500 | ||
|---|---|---|---|
| 010 | _aA-991578 | ||
| 020 |
_a8176480703 _c3000(Set) |
||
| 035 | _aA-991578 | ||
| 037 | _bCen Lib / Ret | ||
| 040 |
_aDPL _bEN |
||
| 082 |
_a954 _bENC |
||
| 100 | _aPrakash Chander | ||
| 245 |
_aEncyclopaedia of indian history : _b ancient, medieval, modern / _cby Prakash Chander |
||
| 260 |
_aNew Delhi _bAPH Pub. Corp _c1999 |
||
| 270 |
_a5 Ansari Road Darya Ganj _bNew Delhi _e110002 |
||
| 300 |
_a4 v. ; (v 1. 421 ; v 2. 424-706 ; v 3. x, 709-973 ; v 4. 974-1264p) _b23cm(Hb) |
||
| 650 | _aInde -- Histoire -- Encyclopedies. | ||
| 650 | _aIndia -- History | ||
| 942 |
_2ddc _cEN _h954 _mENC |
||
| 999 |
_c136521 _d136521 |
||